[Event "ICS rated blitz match"]
[Site "204.178.125.65"]
[Date "2000.07.05"]
[Round "?"]
[White "QueenMaxima"]
[Black "Hossa"]
[Result "1-0"]
[WhiteElo "2516"]
[BlackElo "2550"]
[PlyCount "161"]
[EventDate "2000.??.??"]

1. e4 e5 2. Nf3 Nf6 3. Nc3 Bb4 4. Bc4 Bxc3 5. dxc3 d6 6. Be3 O-O 7. Qd3 c6 8.
O-O-O d5 9. Bb3 a5 10. Nxe5 a4 11. Bxd5 cxd5 12. exd5 a3 13. b3 Re8 14. Nc4
Nbd7 15. Rhe1 Ne5 16. Nxe5 Rxe5 17. Bb6 Qe8 18. Qd2 Bf5 19. c4 Rxe1 20. Rxe1
Qb8 21. Qg5 Qc8 22. Re7 h6 23. Qd2 Nd7 24. Qb4 Qb8 25. d6 Be6 26. Bd4 Ra6 27.
c5 Rc6 28. Qxa3 Ra6 29. Qb4 Ra8 30. Bb2 Qc8 31. Qd4 Qf8 32. a4 Rb8 33. Qb4 Qc8
34. Qc3 Nf6 35. Qe3 Ng4 36. Qf4 Qxc5 37. Rxe6 fxe6 38. Qxg4 Qg5+ 39. Qxg5 hxg5
40. c4 Kf7 41. Kd2 Rc8 42. Kd3 Rc6 43. Be5 Rb6 44. b4 Ra6 45. a5 Ra8 46. Bd4 g4
47. Ke4 Rh8 48. Be5 Rh4 49. Bg3 Rh5 50. Kf4 Kf6 51. Kxg4 Rg5+ 52. Kf3 Rf5+ 53.
Ke4 Rh5 54. b5 Rh8 55. a6 bxa6 56. b6 Kf7 57. b7 g5 58. d7 Ke7 59. b8=Q Rxb8
60. Bxb8 Kxd7 61. Ba7 Ke7 62. Be3 g4 63. Bc5+ Kd7 64. Kf4 a5 65. Kxg4 Kc6 66.
Bf8 Kc7 67. Kg5 Kd8 68. Kf6 Ke8 69. Bd6 Kd7 70. Ba3 a4 71. f4 e5 72. Kxe5 Kd8
73. f5 Ke8 74. Ke6 Kd8 75. f6 Kc7 76. Bd6+ Kc6 77. f7 a3 78. f8=Q Kb6 79. Qb8+
Ka6 80. Bxa3 Ka5 81. Qb5# {Hossa checkmated} 1-0

[Event "ICS rated bullet match"]
[Site "204.178.125.65"]
[Date "2000.07.05"]
[Round "?"]
[White "PostModernist"]
[Black "Hossa"]
[Result "1-0"]
[WhiteElo "2393"]
[BlackElo "2592"]
[PlyCount "107"]
[EventDate "2000.??.??"]

1. d4 Nf6 2. c4 e6 3. Nf3 b6 4. Nc3 Bb7 5. a3 d5 6. cxd5 Nxd5 7. Qc2 Nxc3 8.
Qxc3 Be7 9. Bf4 Bd6 10. Bg5 f6 11. Bh4 O-O 12. O-O-O c5 13. dxc5 bxc5 14. Bg3
Bd5 15. e4 Bxe4 16. Bxd6 Rf7 17. Be2 a5 18. Bc4 Qc8 19. Rhe1 Bd5 20. Rxd5 exd5
21. Bxd5 Nc6 22. Qxc5 Ne5 23. Rxe5 Qxc5+ 24. Bxc5 Rc8 25. Bxf7+ Kxf7 26. Re7+
Kg6 27. b4 Kh6 28. Nd4 axb4 29. axb4 g6 30. Ne6 g5 31. Nf8 Kh5 32. Rxh7+ Kg4
33. f3+ Kf5 34. Rf7 Ke5 35. Re7+ Kd5 36. Nd7 Kc6 37. Nxf6 Rh8 38. Rh7 Rd8 39.
Rh5 Ra8 40. Kb2 g4 41. Nxg4 Rg8 42. Rh6+ Kb7 43. b5 Rg5 44. Rc6 Rd5 45. Kc3 Rd1
46. Be3 Rb1 47. Kc4 Rf1 48. Kd5 Rb1 49. b6 Rb2 50. Rc7+ Kb8 51. Nf6 Rb5+ 52.
Kc6 Rd5 53. Nxd5 Ka8 54. Rc8# {Hossa checkmated} 1-0

[Event "ICS rated blitz match"]
[Site "204.178.125.65"]
[Date "2000.07.05"]
[Round "?"]
[White "EXchess"]
[Black "Hossa"]
[Result "0-1"]
[WhiteElo "2455"]
[BlackElo "2527"]
[PlyCount "166"]
[EventDate "2000.??.??"]

1. e4 e5 2. Nf3 Nc6 3. Bb5 a6 4. Ba4 Nf6 5. O-O Be7 6. Re1 b5 7. Bb3 d6 8. c3
O-O 9. h3 Na5 10. Bc2 c5 11. d4 Qc7 12. Nbd2 cxd4 13. cxd4 Nc6 14. Nb3 a5 15.
Be3 a4 16. Nbd2 Be6 17. d5 Nb4 18. dxe6 Qxc2 19. exf7+ Kxf7 20. Ng5+ Kg8 21.
Qe2 Nd3 22. Rf1 Rfc8 23. Rab1 h6 24. Ngf3 Nxe4 25. Ne1 Nxe1 26. Rfxe1 Nxd2 27.
Bxd2 Qc4 28. Qxc4+ Rxc4 29. a3 Kf7 30. Bb4 Rac8 31. b3 axb3 32. Rxb3 Ke6 33.
Rd3 h5 34. Red1 Rc1 35. Kf1 e4 36. Rd4 Rxd1+ 37. Rxd1 Ke5 38. h4 Rc6 39. f3
exf3 40. Re1+ Kf6 41. g3 Rc2 42. Re3 f2 43. Rc3 Rxc3 44. Bxc3+ Kf5 45. Bb4 Bf6
46. Kxf2 Bd4+ 47. Ke2 Bc5 48. Bc3 Kg4 49. Bxg7 Bxa3 50. Bf6 Bc5 51. Be7 Kxg3
52. Kd2 Kf3 53. Kc3 Bf2 54. Bxd6 Bxh4 55. Kb4 Be1+ 56. Kxb5 h4 57. Kc4 h3 58.
Bh2 Bg3 59. Bg1 Kg2 60. Bd4 h2 61. Bf6 Kf3 62. Kc5 Ke4 63. Kb5 Kd5 64. Bc3 Bf2
65. Bb4 Bd4 66. Bd2 Be5 67. Kb4 Bd6+ 68. Kc3 Bg3 69. Kc2 Kc4 70. Ba5 Bf2 71.
Kd2 Bd4 72. Bc7 Bc3+ 73. Ke3 Bd2+ 74. Kf2 h1=Q 75. Bd8 Be1+ 76. Ke3 Qg2 77. Kf4
Qd2+ 78. Ke5 Qxd8 79. Kf5 Kd5 80. Kg4 Ke4 81. Kh3 Kf3 82. Kh2 Bf2 83. Kh3 Qh8#
{EXchess checkmated} 0-1

[Event "ICS rated blitz match"]
[Site "204.178.125.65"]
[Date "2000.07.05"]
[Round "?"]
[White "Hossa"]
[Black "QueenMaxima"]
[Result "1/2-1/2"]
[WhiteElo "2540"]
[BlackElo "2538"]
[PlyCount "77"]
[EventDate "2000.??.??"]

1. d4 Nf6 2. c4 e6 3. Nf3 b6 4. Nc3 Bb4 5. Bg5 Bb7 6. e3 h6 7. Bxf6 Qxf6 8. Be2
Nc6 9. O-O O-O-O 10. a3 Be7 11. b4 Rhe8 12. c5 h5 13. cxb6 axb6 14. Qa4 Nb8 15.
Rfe1 h4 16. Nb5 Nc6 17. Ne5 Nxe5 18. dxe5 Qxe5 19. Qa7 c6 20. Rec1 h3 21. Qxb6
Kb8 22. Qa7+ Kc8 23. g4 Qd5 24. f3 Qe5 25. Qb6 Kb8 26. f4 Qd5 27. Qc7+ Ka8 28.
Qa5+ Kb8 29. Qa7+ Kc8 30. Bf1 Rh8 31. Qb6 Kb8 32. Qc7+ Ka8 33. Rd1 Qf3 34. Qa5+
Kb8 35. Qc7+ Ka8 36. Qa5+ Kb8 37. Qc7+ Ka8 38. Qa5+ Kb8 39. Qc7+ 1/2-1/2

[Event "ICS rated blitz match"]
[Site "204.178.125.65"]
[Date "2000.07.05"]
[Round "?"]
[White "QueenMaxima"]
[Black "Hossa"]
[Result "0-1"]
[WhiteElo "2538"]
[BlackElo "2540"]
[PlyCount "188"]
[EventDate "2000.??.??"]

1. e4 e5 2. Nf3 Nc6 3. Bb5 a6 4. Ba4 Nf6 5. O-O Be7 6. Re1 b5 7. Bb3 d6 8. c3
O-O 9. h3 Na5 10. Bc2 c5 11. d4 Qc7 12. Nbd2 cxd4 13. cxd4 Nc6 14. Nb3 a5 15.
Be3 a4 16. Nbd2 Be6 17. a3 d5 18. dxe5 Nxe5 19. Rc1 Nxf3+ 20. Nxf3 Qb7 21. e5
Ne4 22. Nd4 Bd7 23. Qd3 b4 24. f3 f5 25. exf6 Nxf6 26. Bg5 Rf7 27. Bxf6 gxf6
28. Kh1 bxa3 29. bxa3 Bd6 30. Rb1 Qc8 31. Nb5 Bg3 32. Qxd5 Bxb5 33. Rxb5 Bxe1
34. Bxh7+ Kg7 35. Bf5 Qe8 36. Be4 Rb8 37. Rxb8 Qxb8 38. Qf5 Qd8 39. Qh7+ Kf8
40. Qh6+ Kg8 41. Bg6 Rg7 42. Bf5 Qe7 43. Bd3 Qe6 44. Qc1 Kf8 45. Bb5 Bg3 46.
Bxa4 Ke7 47. Qc5+ Kf7 48. Qh5+ Rg6 49. Qh7+ Kf8 50. Qh8+ Qg8 51. Qh5 Bd6 52. f4
Bxa3 53. Bc6 Rg3 54. Qf5 Qf7 55. Bf3 Bd6 56. Kh2 Rg5 57. Qe4 Qa2 58. Qd4 Ke7
59. Qe4+ Qe6 60. Qb7+ Kf8 61. g3 Qe1 62. Qa8+ Kg7 63. Qb7+ Kh8 64. Bg4 Qf2+ 65.
Qg2 Qxg2+ 66. Kxg2 Ra5 67. Be6 Kg7 68. Bc4 f5 69. h4 Bc5 70. h5 Ra1 71. Be6
Rg1+ 72. Kh2 Kf6 73. h6 Kxe6 74. h7 Bd4 75. h8=Q Bxh8 76. Kxg1 Kd5 77. Kg2 Ke4
78. Kh2 Kf3 79. Kh3 Bf6 80. Kh2 Bc3 81. Kh3 Be1 82. Kh4 Bxg3+ 83. Kg5 Ke4 84.
Kh5 Kxf4 85. Kh6 Ke4 86. Kg5 Be5 87. Kg6 f4 88. Kf7 f3 89. Kf8 f2 90. Kf7 f1=Q+
91. Ke6 Qf5+ 92. Ke7 Kd5 93. Ke8 Ke6 94. Kd8 Qf8# 0-1

[Event "ICS rated blitz match"]
[Site "204.178.125.65"]
[Date "2000.07.05"]
[Round "?"]
[White "Hossa"]
[Black "Tinker"]
[Result "1/2-1/2"]
[WhiteElo "2556"]
[BlackElo "2504"]
[PlyCount "298"]
[EventDate "2000.??.??"]

1. e4 e5 2. Nf3 Nf6 3. Nc3 Nc6 4. d4 exd4 5. Nxd4 Nxd4 6. Qxd4 c5 7. Qe5+ Be7
8. Be2 O-O 9. O-O Re8 10. Rd1 d6 11. Qf4 Be6 12. Qg3 Qb6 13. h3 Red8 14. Bh6
Bf8 15. Bg5 Be7 16. b3 Qc7 17. Bh6 Bf8 18. Bd2 Qe7 19. Bg5 Kh8 20. Qf3 h6 21.
Nd5 Bxd5 22. Bxf6 Qxf6 23. Qxf6 gxf6 24. Rxd5 Re8 25. f3 Re5 26. Re1 Rxd5 27.
exd5 Re8 28. Kf2 f5 29. f4 Be7 30. Rh1 Kg7 31. Bd3 Kf6 32. Bb5 Rb8 33. Re1 a6
34. Bf1 Re8 35. Kf3 h5 36. g3 Rf8 37. c3 a5 38. Bd3 Bd8 39. Bb5 Rg8 40. a3 Be7
41. Re3 Ra8 42. Bd7 Bf8 43. Re2 b6 44. Bc6 Rd8 45. Bb5 Bg7 46. Ke3 Rg8 47. Re1
Kg6 48. Kd2 Bh6 49. Re3 h4 50. Rf3 hxg3 51. Rxg3+ Kh7 52. Rf3 Rg2+ 53. Kd3 Kg6
54. Bc6 Bg7 55. Bd7 Kf6 56. Kc4 Ra2 57. a4 Rb2 58. Bc6 Ke7 59. Ba8 Bf8 60. Bb7
Bh6 61. Ba6 Kd8 62. Bb5 Re2 63. Kd3 Re4 64. Re3 Rxf4 65. Re8+ Kc7 66. Re7+ Kb8
67. Re3 Bg5 68. Re8+ Kc7 69. Rf8 Rf3+ 70. Kc2 Rf2+ 71. Kd1 Rd2+ 72. Ke1 Rxd5
73. Rxf7+ Kd8 74. Kf1 Rd1+ 75. Kg2 Rd5 76. Kf3 Bc1 77. Rd7+ Kc8 78. Re7 Re5 79.
Bd7+ Kd8 80. Rxe5 dxe5 81. Bxf5 Ke7 82. c4 Bg5 83. Kg4 Kf6 84. Be4 Be3 85. h4
Bf2 86. Bb1 Bd4 87. Bc2 Bc3 88. Be4 Bd2 89. Bf5 Bf4 90. Be4 Be3 91. Bd3 Bd4 92.
Bh7 Kg7 93. Be4 Kh6 94. h5 Bc3 95. Bf3 Ba1 96. Bd1 Bd4 97. Kf5 Bb2 98. Ke4 Bc3
99. Kd5 Kg5 100. Kc6 Kh6 101. Bf3 Bb4 102. Kxb6 e4 103. Bd1 Kg5 104. Bc2 Kxh5
105. Bxe4 Kg5 106. Bf3 Kf4 107. Bd1 Ke3 108. Bc2 Kd2 109. Be4 Kc3 110. Kb5 Kxb3
111. Bf3 Kc3 112. Bg4 Kd4 113. Be6 Kc3 114. Bd5 Kb2 115. Bf7 Kb3 116. Be8 Kc3
117. Bc6 Kd4 118. Bd5 Bc3 119. Bf3 Bb4 120. Bb7 Bc3 121. Bg2 Bb4 122. Bh3 Kd3
123. Bd7 Kd4 124. Bc6 Kc3 125. Be8 Kb3 126. Bd7 Kc3 127. Bc8 Kd4 128. Bg4 Kd3
129. Bh5 Kd4 130. Bg6 Kc3 131. Bf5 Kb3 132. Bb1 Kc3 133. Bg6 Kb2 134. Bd3 Kb3
135. Be4 Kc3 136. Bb7 Kb3 137. Bh1 Kc3 138. Bd5 Kb2 139. Bg8 Kc2 140. Bf7 Kb3
141. Bh5 Kc3 142. Bd1 Kd2 143. Bh5 Kc2 144. Ka6 Kb3 145. Kb5 Kc3 146. Bd1 Kd2
147. Bh5 Kc2 148. Ka6 Kb3 149. Kb5 Kc3 1/2-1/2

[Event "ICS rated standard match"]
[Site "204.178.125.65"]
[Date "2000.07.05"]
[Round "?"]
[White "PostModernist"]
[Black "Hossa"]
[Result "0-1"]
[WhiteElo "2350"]
[BlackElo "2278"]
[PlyCount "220"]
[EventDate "2000.??.??"]

1. e4 e5 2. Bc4 Nf6 3. d3 c6 4. Nf3 d5 5. Bb3 Bg4 6. h3 Bxf3 7. Qxf3 dxe4 8.
dxe4 Bc5 9. Nc3 O-O 10. Bg5 Be7 11. Rd1 Nfd7 12. Bd2 Nc5 13. Bh6 Qc7 14. Qg4
Bf6 15. O-O Nxb3 16. cxb3 Qc8 17. Qg3 Qc7 18. Rd2 Na6 19. Rfd1 Rad8 20. Bg5
Rxd2 21. Rxd2 Bxg5 22. Qxg5 Nc5 23. Qe3 b6 24. b4 Ne6 25. b5 cxb5 26. Nxb5 Qc1+
27. Kh2 a6 28. Nc3 Nd4 29. Nd5 Qb1 30. Nxb6 f6 31. f4 Qxa2 32. fxe5 fxe5 33.
Nd7 Rd8 34. Nxe5 Qa5 35. Nd3 Qb5 36. Nc1 Rd7 37. e5 Qc4 38. Nb3 Nf5 39. Qf3
Rxd2 40. Nxd2 Qd4 41. Qxf5 Qxd2 42. e6 Qd6+ 43. Kg1 Qd1+ 44. Kf2 Qd2+ 45. Kg3
Qd6+ 46. Kg4 Qd1+ 47. Qf3 Qd4+ 48. Qf4 Qd1+ 49. Kf5 Qh5+ 50. Qg5 Qe8 51. Qe3
Qb5+ 52. Kg4 Qxb2 53. e7 Qb4+ 54. Kf3 Qb7+ 55. Kf2 Qb2+ 56. Kg1 Qb1+ 57. Kh2
Qb8+ 58. g3 Kf7 59. e8=B+ Qxe8 60. Qa7+ Qe7 61. Qxa6 Qe1 62. Qb7+ Kf6 63. Qf3+
Ke5 64. h4 g6 65. Qf4+ Ke6 66. Qc4+ Kd7 67. Qd5+ Kc7 68. Qc5+ Kb7 69. Qc2 Kb6
70. Qb3+ Kc6 71. Qf3+ Kc7 72. Kg2 Qd2+ 73. Kh3 Qd7+ 74. g4 Qe7 75. Qc3+ Kb6 76.
Qb3+ Kc6 77. Qc4+ Kb7 78. Qb5+ Kc7 79. Qa5+ Kb7 80. Qd5+ Kc7 81. Qd3 Qd6 82.
Qc4+ Kb6 83. g5 Qa3+ 84. Kg4 Qe3 85. Qb4+ Kc6 86. Qa4+ Kb6 87. Qc4 Qg1+ 88. Kf4
Qh2+ 89. Kf3 Qh3+ 90. Ke2 Qh2+ 91. Kd3 Qg3+ 92. Kd2 Qd6+ 93. Kc2 Qh2+ 94. Kc3
Qg3+ 95. Kb4 Qe1+ 96. Ka3 Qe5 97. Qb3+ Kc6 98. Qa4+ Kd6 99. Qa6+ Kd7 100. Qb7+
Qc7 101. Qb5+ Qc6 102. Qxc6+ Kxc6 103. Kb2 Kd5 104. Kc3 Ke4 105. Kc4 Kf4 106.
Kd4 Kg4 107. Ke5 Kxh4 108. Kf4 Kh5 109. Kf3 Kxg5 110. Kg3 h5 0-1

[Event "ICS rated blitz match"]
[Site "204.178.125.65"]
[Date "2000.07.05"]
[Round "?"]
[White "Hossa"]
[Black "salzi"]
[Result "1-0"]
[WhiteElo "2556"]
[BlackElo "1957"]
[PlyCount "44"]
[EventDate "2000.??.??"]

1. e4 c5 2. Nf3 d6 3. c3 Nf6 4. Qc2 Qc7 5. Bb5+ Nbd7 6. c4 a6 7. Ba4 e6 8. d4
cxd4 9. Nxd4 Be7 10. O-O O-O 11. Qe2 Rd8 12. Bd2 Ne5 13. Na3 Bd7 14. Bxd7 Rxd7
15. Nf3 Nxf3+ 16. Qxf3 d5 17. exd5 exd5 18. cxd5 Rxd5 19. Bf4 Qd7 20. Nc4 Rd8
21. Nb6 Qf5 22. Nxd5 Nxd5 {salzi resigns} 1-0

[Event "ICS rated blitz match"]
[Site "204.178.125.65"]
[Date "2000.07.05"]
[Round "?"]
[White "Hossa"]
[Black "salzi"]
[Result "1-0"]
[WhiteElo "2558"]
[BlackElo "1955"]
[PlyCount "27"]
[EventDate "2000.??.??"]

1. e4 c5 2. Nf3 d6 3. c3 Nf6 4. Qc2 Qc7 5. Bb5+ Nbd7 6. c4 e6 7. O-O a6 8. Ba4
Be7 9. d3 O-O 10. Qe2 Rb8 11. Nc3 Ne5 12. Nxe5 dxe5 13. f4 exf4 14. Bxf4 {
salzi resigns} 1-0

[Event "ICS rated blitz match"]
[Site "204.178.125.65"]
[Date "2000.07.05"]
[Round "?"]
[White "salzi"]
[Black "Hossa"]
[Result "0-1"]
[WhiteElo "1954"]
[BlackElo "2559"]
[PlyCount "34"]
[EventDate "2000.??.??"]

1. d4 Nf6 2. c4 e6 3. Nc3 Bb4 4. e3 c5 5. Bd3 Bxc3+ 6. bxc3 Nc6 7. Nf3 d6 8.
O-O O-O 9. e4 cxd4 10. cxd4 e5 11. d5 Nb4 12. h3 Bd7 13. Bb1 Na6 14. Ne1 Rc8
15. Qe2 Qc7 16. Be3 Qxc4 17. Qxc4 Rxc4 {salzi resigns} 0-1

[Event "ICS rated blitz match"]
[Site "204.178.125.65"]
[Date "2000.07.05"]
[Round "?"]
[White "Hossa"]
[Black "salzi"]
[Result "1-0"]
[WhiteElo "2560"]
[BlackElo "1953"]
[PlyCount "55"]
[EventDate "2000.??.??"]

1. e4 c5 2. Nf3 d6 3. c3 Nf6 4. Qc2 Qc7 5. Bb5+ Nbd7 6. c4 a6 7. Ba4 e6 8. d4
cxd4 9. Nxd4 Be7 10. O-O O-O 11. Bg5 Ne5 12. Nd2 h6 13. Bf4 Bd7 14. Bxd7 Nfxd7
15. Bxe5 Nxe5 16. f4 Nc6 17. Nxc6 Qxc6 18. Rad1 Rac8 19. Qb3 Rfd8 20. f5 d5 21.
fxe6 fxe6 22. cxd5 exd5 23. Rf5 Qc2 24. Rxd5 Rxd5 25. exd5 Bf6 26. d6+ Kh8 27.
d7 Bd4+ 28. Kh1 {salzi resigns} 1-0

[Event "ICS Rated standard match"]
[Site "204.178.125.65"]
[Date "2000.07.05"]
[Round "?"]
[White "Hossa"]
[Black "ChessNutty"]
[Result "1-0"]
[WhiteElo "2297"]
[BlackElo "1818"]
[PlyCount "38"]
[EventDate "2000.??.??"]

1. e4 c5 2. f4 d6 3. Nf3 Nc6 4. Nc3 Bd7 5. Bc4 a6 6. O-O b5 7. Be2 b4 8. Nd5 e6
9. Ne3 Nf6 10. e5 Nd5 11. Nxd5 exd5 12. Re1 dxe5 13. Nxe5 Nxe5 14. Bh5 Be7 15.
Rxe5 d4 16. Qe1 Rc8 17. a3 a5 18. axb4 axb4 19. Ra7 Be6 {ChessNutty resigns}
1-0

[Event "ICS rated blitz match"]
[Site "204.178.125.65"]
[Date "2000.07.05"]
[Round "?"]
[White "salzi"]
[Black "Hossa"]
[Result "1/2-1/2"]
[WhiteElo "1979"]
[BlackElo "2561"]
[PlyCount "156"]
[EventDate "2000.??.??"]

1. d4 Nf6 2. c4 e6 3. Nf3 b6 4. g3 Ba6 5. b3 Bb4+ 6. Bd2 Be7 7. Nc3 Bb7 8. Bg2
O-O 9. O-O Ne4 10. Nxe4 Bxe4 11. Ne1 Bxg2 12. Nxg2 d5 13. cxd5 Qxd5 14. e3 Nd7
15. Nf4 Qb7 16. Rc1 c5 17. dxc5 Bxc5 18. Bc3 Rad8 19. Qh5 Be7 20. Rfd1 Nf6 21.
Bxf6 Bxf6 22. Qh3 Bb2 23. Rb1 Qe4 24. Qf1 Be5 25. Qe2 Bxf4 26. gxf4 Qg6+ 27.
Kh1 Rde8 28. Rb2 Rc8 29. Rbd2 Qf5 30. Qf3 Qa5 31. Qe4 Rc1 32. Rxc1 Qxd2 33. Qc2
Qd5+ 34. Kg1 Rd8 35. Qe2 Kf8 36. Rc2 f6 37. f3 Qd7 38. Kf2 g6 39. Ke1 Kg7 40.
Rd2 Qxd2+ 41. Qxd2 Rxd2 42. Kxd2 h6 43. Kd3 a6 44. Kd4 Kf7 45. e4 Ke7 46. e5 f5
47. h4 Ke8 48. b4 Kd8 49. a4 Kc7 50. b5 axb5 51. axb5 Kb7 52. Ke3 Kc8 53. Kf2
Kd7 54. Kg3 h5 55. Kh3 Kc7 56. Kg3 Kb8 57. Kh3 Ka7 58. Kg3 Kb7 59. Kh3 Ka8 60.
Kg3 Kb7 61. Kh3 Ka8 62. Kg3 Kb7 63. Kh3 Ka8 64. Kg3 Kb7 65. Kh3 Ka8 66. Kg3 Kb7
67. Kh3 Kc7 68. Kg3 Kb8 69. Kh3 Ka7 70. Kg3 Kb7 71. Kh3 Kc7 72. Kg3 Kb8 73. Kh3
Ka7 74. Kg3 Kb7 75. Kh3 Kc7 76. Kg3 Kb7 77. Kh3 Kc7 78. Kg3 Kb7 1/2-1/2

[Event "ICS rated blitz match"]
[Site "204.178.125.65"]
[Date "2000.07.05"]
[Round "?"]
[White "salzi"]
[Black "Hossa"]
[Result "1/2-1/2"]
[WhiteElo "1993"]
[BlackElo "2546"]
[PlyCount "56"]
[EventDate "2000.??.??"]

1. d4 Nf6 2. Nf3 e6 3. e3 b6 4. c4 Bb7 5. Nc3 Bb4 6. Bd2 O-O 7. Be2 d5 8. cxd5
exd5 9. O-O Ba6 10. Bxa6 Nxa6 11. Qe2 Qc8 12. Rfc1 c6 13. Ne5 Nb8 14. a3 Bxc3
15. Bxc3 a5 16. Qc2 Ng4 17. Nxg4 Qxg4 18. h3 Qg5 19. b4 axb4 20. Bxb4 Rd8 21.
Qe2 Ra7 22. Rc2 f5 23. Rac1 Qg6 24. Qf3 Rc7 25. Qf4 Rb7 26. Qe5 Ra7 27. Qf4 Rb7
28. Qe5 Ra7 1/2-1/2

[Event "ICS rated blitz match"]
[Site "204.178.125.65"]
[Date "2000.07.05"]
[Round "?"]
[White "Hossa"]
[Black "JZInsomniac"]
[Result "0-1"]
[WhiteElo "2531"]
[BlackElo "2808"]
[PlyCount "140"]
[EventDate "2000.??.??"]

1. e4 c5 2. Nf3 d6 3. c3 Nf6 4. Qc2 Qc7 5. Bb5+ Nbd7 6. c4 e5 7. Nc3 Be7 8. d3
O-O 9. Bxd7 Bxd7 10. O-O a5 11. Bg5 Bg4 12. Bxf6 Bxf6 13. Nd5 Qd8 14. Qe2 Be7
15. Rad1 Bh5 16. Qe3 f5 17. a4 fxe4 18. dxe4 Bxf3 19. gxf3 Bg5 20. Qb3 Rf7 21.
Rd3 Bh4 22. Kh1 Ra6 23. f4 exf4 24. Rf3 Qe8 25. Qc2 Bg5 26. Rg1 h6 27. b3 Qe5
28. Qe2 b6 29. Rd3 Rb7 30. f3 Ra8 31. Qg2 Rab8 32. Rd2 Rf7 33. Rdd1 Rc8 34. Qg4
Rc6 35. Rg2 Bd8 36. Qg6 h5 37. Rdg1 h4 38. Rg4 Rc8 39. Rxf4 Rcc7 40. Rxf7 Rxf7
41. Qg4 Kh8 42. Qg2 Kg8 43. f4 Qe6 44. Qf3 Qe8 45. Re1 Rf8 46. Qg4 Qf7 47. f5
Re8 48. Re2 Re5 49. Rg2 Kh7 50. Qf3 Re6 51. Qf4 Re5 52. Rg6 Qf8 53. Qg4 Rxd5
54. cxd5 Bf6 55. Qf3 Kg8 56. Kg2 Qe7 57. Qd3 Qe5 58. Qc2 Qd4 59. Kf3 Qa1 60.
Rg2 h3 61. Rg3 Be5 62. Rg6 Qh1+ 63. Kg4 Qf1 64. Kh4 Qf3 65. Rg4 Bf6+ 66. Kh5
Qe3 67. Rg3 Qf4 68. Rxg7+ Kxg7 69. Qg2+ hxg2 70. e5 Qxf5# {Hossa checkmated}
0-1

[Event "ICS unrated blitz match"]
[Site "204.178.125.65"]
[Date "2000.07.05"]
[Round "?"]
[White "Purporc"]
[Black "Hossa"]
[Result "0-1"]
[WhiteElo "1939"]
[BlackElo "2526"]
[PlyCount "50"]
[EventDate "2000.??.??"]

1. d4 Nf6 2. f4 e6 3. Nf3 d5 4. e3 c5 5. c3 cxd4 6. exd4 Bd6 7. Bd3 Qc7 8. Ne5
Ne4 9. Nd2 O-O 10. Qf3 Nxd2 11. Bxd2 f6 12. Qh5 g5 13. Ng4 Bxf4 14. Bxf4 gxf4
15. O-O f5 16. Ne5 Nc6 17. Rxf4 Nxe5 18. dxe5 Qxe5 19. Rh4 Qe3+ 20. Kh1 Rf7 21.
Rd1 Bd7 22. Rh3 Qf2 23. Rf1 Qxb2 24. Qg5+ Rg7 25. Qf6 Qxg2# {Purporc checkmated
} 0-1

[Event "ICS rated blitz match"]
[Site "204.178.125.65"]
[Date "2000.07.05"]
[Round "?"]
[White "Purporc"]
[Black "Hossa"]
[Result "0-1"]
[WhiteElo "1939"]
[BlackElo "2526"]
[PlyCount "44"]
[EventDate "2000.??.??"]

1. d4 Nf6 2. f4 e6 3. Nf3 d5 4. e3 c5 5. c3 cxd4 6. exd4 Be7 7. Bd3 Ne4 8. Nbd2
Bh4+ 9. g3 Nxg3 10. hxg3 Bxg3+ 11. Kf1 Bxf4 12. Qe2 h6 13. Ne5 Nd7 14. Ndf3
Bxc1 15. Rxc1 Nxe5 16. Nxe5 Qg5 17. Rc2 Qf4+ 18. Ke1 a6 19. Rf1 Qg3+ 20. Kd1
Rf8 21. Nxf7 Rxf7 22. Qh5 Qxd3+ {Purporc resigns} 0-1

[Event "ICS rated blitz match"]
[Site "204.178.125.65"]
[Date "2000.07.05"]
[Round "?"]
[White "Hossa"]
[Black "Purporc"]
[Result "1-0"]
[WhiteElo "2527"]
[BlackElo "1938"]
[PlyCount "25"]
[EventDate "2000.??.??"]

1. e4 c5 2. Nf3 d6 3. d4 cxd4 4. Nxd4 Nc6 5. Nc3 e5 6. Nf3 Nf6 7. Be2 Be7 8.
O-O O-O 9. Bg5 Be6 10. Qd2 Rc8 11. Rfd1 Qc7 12. Bxf6 Bxf6 13. Nb5 {
Purporc resigns} 1-0

[Event "ICS rated standard match"]
[Site "204.178.125.65"]
[Date "2000.07.06"]
[Round "?"]
[White "JudgeTurpin"]
[Black "Hossa"]
[Result "1-0"]
[WhiteElo "2372"]
[BlackElo "2299"]
[PlyCount "183"]
[EventDate "2000.??.??"]

1. e4 e5 2. f4 Bc5 3. Nf3 d6 4. Bc4 Nc6 5. d3 Na5 6. Bxf7+ Kxf7 7. fxe5 Nc6 8.
Rf1 Ke8 9. Nc3 dxe5 10. Na4 Be7 11. Be3 Nf6 12. Qe2 Nd4 13. Bxd4 exd4 14. O-O-O
b5 15. e5 Nd5 16. Nxd4 bxa4 17. Qf3 Rf8 18. Qh5+ g6 19. Qxh7 Bg5+ 20. Kb1 Nf4
21. Rxf4 Rxf4 22. Qg8+ Rf8 23. Qxg6+ Rf7 24. e6 Bxe6 25. Nxe6 Qf6 26. Nxc7+ Kd7
27. Qxf6 Rxf6 28. Nxa8 Rf8 29. a3 Rxa8 30. Rf1 Re8 31. Rf7+ Be7 32. c4 Ke6 33.
Rf4 Kd6 34. Rd4+ Ke6 35. Re4+ Kd7 36. Kc2 Rf8 37. Re2 Rf1 38. d4 Bf6 39. d5 Rf4
40. b3 Rh4 41. h3 Rf4 42. c5 a5 43. c6+ Kc7 44. bxa4 Rc4+ 45. Kb1 Bg5 46. Rb2
Rc1+ 47. Ka2 Kd6 48. Rb7 Bf6 49. Rd7+ Ke5 50. Rf7 Bh4 51. Kb2 Rg1 52. g4 Rg2+
53. Kb3 Kxd5 54. c7 Rg3+ 55. Kb2 Rg2+ 56. Kc3 Rg3+ 57. Kc2 Rg2+ 58. Kd3 Rg3+
59. Kd2 Rg2+ 60. Ke3 Rc2 61. Kd3 Rc1 62. Rf8 Rxc7 63. Rf5+ Ke6 64. Rxa5 Rh7 65.
Rh5 Rxh5 66. gxh5 Kf6 67. h6 Kg6 68. h7 Kxh7 69. a5 Kg6 70. Kd4 Kf5 71. Kc5
Be7+ 72. Kc6 Bxa3 73. a6 Bc1 74. a7 Be3 75. a8=Q Bf4 76. Qf8+ Ke4 77. h4 Be5
78. Qe7 Kd4 79. h5 Bf4 80. Qb4+ Ke5 81. h6 Bg5 82. h7 Bf6 83. Qc3+ Kf5 84.
Qxf6+ Kxf6 85. h8=Q+ Kg5 86. Qd4 Kg6 87. Kd5 Kf7 88. Qf4+ Kg7 89. Ke6 Kg6 90.
Qg3+ Kh6 91. Kf6 Kh7 92. Qg7# {Hossa checkmated} 1-0

[Event "ICS rated blitz match"]
[Site "204.178.125.65"]
[Date "2000.07.06"]
[Round "?"]
[White "PostModernist"]
[Black "Hossa"]
[Result "1-0"]
[WhiteElo "2583"]
[BlackElo "2528"]
[PlyCount "135"]
[EventDate "2000.??.??"]

1. d4 Nf6 2. c4 e6 3. Nf3 b6 4. g3 Ba6 5. Qb3 Nc6 6. Nbd2 Bb7 7. e4 d5 8. cxd5
exd5 9. e5 Ng4 10. h3 Nh6 11. Bb5 a6 12. Bxc6+ Bxc6 13. Nf1 Nf5 14. Bg5 Qd7 15.
g4 Ba4 16. Qc3 a5 17. a3 Ne7 18. Ng3 h6 19. Be3 c6 20. Nh4 g6 21. f4 Nc8 22. f5
Be7 23. e6 fxe6 24. Nxg6 Rh7 25. Nxe7 Nxe7 26. Nh5 Ng8 27. b3 Bb5 28. f6 Rf7
29. g5 hxg5 30. Bxg5 O-O-O 31. Rc1 Kb7 32. a4 Ba6 33. b4 Re8 34. bxa5 e5 35.
Qb4 exd4+ 36. Kd2 Qc7 37. Rce1 Rxe1 38. Rxe1 b5 39. axb5 cxb5 40. h4 Rh7 41.
Bf4 Qc4 42. Qxc4 dxc4 43. Re4 b4 44. Rxd4 Kc6 45. Be5 Nh6 46. Ng7 Nf7 47. Bg3
b3 48. Kc3 Rh6 49. Rf4 Rh8 50. Nf5 Rh5 51. Nd4+ Kd5 52. Rf2 Bb7 53. Rf5+ Rxf5
54. Nxf5 Ke4 55. Nd6+ Nxd6 56. Bxd6 Bd5 57. a6 Kf5 58. Be7 Ke6 59. h5 Bg2 60.
h6 Be4 61. a7 Kf7 62. h7 Bxh7 63. a8=Q Bd3 64. Qd5+ Ke8 65. Qe6 Bg6 66. Bd6+
Kd8 67. Qe7+ Kc8 68. Qc7# {Hossa checkmated} 1-0

[Event "ICS rated blitz match"]
[Site "204.178.125.65"]
[Date "2000.07.06"]
[Round "?"]
[White "QueenMaxima"]
[Black "Hossa"]
[Result "1-0"]
[WhiteElo "2494"]
[BlackElo "2515"]
[PlyCount "95"]
[EventDate "2000.??.??"]

1. e4 e5 2. Nf3 Nf6 3. Nc3 Nc6 4. Bb5 Bb4 5. O-O O-O 6. d3 Bxc3 7. bxc3 d6 8.
Bg5 h6 9. Bh4 Bd7 10. Rb1 a6 11. Ba4 b6 12. Re1 Qe7 13. h3 b5 14. Bb3 Be6 15.
Bd5 Bxd5 16. exd5 Nb8 17. Nd4 Qd8 18. Nf5 Nbd7 19. Qf3 Kh8 20. Rb4 Rb8 21. Reb1
Ra8 22. c4 Re8 23. cxb5 axb5 24. R1b2 Ra3 25. Qg3 Rg8 26. Rxb5 Ra4 27. c4 Ra3
28. R5b3 Rxb3 29. Rxb3 Qa8 30. a3 Qa4 31. Bxf6 Nxf6 32. Rb7 Qxa3 33. Rxc7 g6
34. Qe3 Qa1+ 35. Kh2 Nh7 36. Qxh6 Qc1 37. Qxc1 gxf5 38. Qh6 Rf8 39. Qxd6 e4 40.
Qe5+ Kg8 41. d4 f4 42. Qxf4 Kg7 43. d6 e3 44. d7 Kh8 45. d8=Q Kg7 46. Qg3+ Kh8
47. Rxf7 Rxd8 48. Qg7# {Hossa checkmated} 1-0

[Event "ICS Rated standard match"]
[Site "204.178.125.65"]
[Date "2000.07.06"]
[Round "?"]
[White "Hossa"]
[Black "WILDKNIGHTS"]
[Result "1-0"]
[WhiteElo "2286"]
[BlackElo "2035"]
[PlyCount "57"]
[EventDate "2000.??.??"]

1. e4 d5 2. exd5 Nf6 3. d4 Bg4 4. f3 Bf5 5. Bb5+ Nbd7 6. c4 a6 7. Bxd7+ Qxd7 8.
Nc3 e6 9. g4 Bg6 10. Nge2 Bb4 11. h4 h6 12. dxe6 Bxc3+ 13. Nxc3 Qxe6+ 14. Qe2
Qxe2+ 15. Kxe2 O-O-O 16. h5 Bh7 17. Be3 Rhe8 18. Kd2 c6 19. b3 b5 20. cxb5 axb5
21. a4 b4 22. Ne2 Nd5 23. Bf2 Kb7 24. a5 Ka6 25. Rhc1 Kb5 26. Rc5+ Ka6 27.
Rxc6+ Kb5 28. Rac1 Kxa5 29. R1c5# 1-0